Seventh senior University Management workshop (SUMA 2000): Course Director's Report (Record no. 57359)

MARC details
000 -LEADER
fixed length control field 00735nam a2200181 a 4500
008 - FIXED-LENGTH DATA ELEMENTS--GENERAL INFORMATION
fixed length control field 090928s2000 ||||||||||||||||| || u
050 ## - LIBRARY OF CONGRESS CALL NUMBER
Classification number AAU(02)2000/1
100 ## - MAIN ENTRY--PERSONAL NAME
Personal name Rasheed, Sadig
245 10 - TITLE STATEMENT
Title Seventh senior University Management workshop (SUMA 2000): Course Director's Report
260 ## - PUBLICATION, DISTRIBUTION, ETC.
Place of publication, distribution, etc. Accra:
Name of publisher, distributor, etc. Association of African Universities
Date of publication, distribution, etc. 2000
300 ## - PHYSICAL DESCRIPTION
Extent 19p.
350 ## - PRICE (NR) (BK AM CF MU VM SE) [OBSOLETE]
Price 0.00
650 ## - SUBJECT ADDED ENTRY--TOPICAL TERM
Topical term or geographic name entry element UNIVERSITIES AND COLLEGES--AFRICA--MANAGEMENT
650 ## - SUBJECT ADDED ENTRY--TOPICAL TERM
Topical term or geographic name entry element MANAGEMENT INFORMATION SYSTEMS
700 ## - ADDED ENTRY--PERSONAL NAME
Personal name Tomori, Siyanbola
710 ## - ADDED ENTRY--CORPORATE NAME
Corporate name or jurisdiction name as entry element Association of African Universities
995 ## - RECOMMENDATION 995 [LOCAL, UNIMARC FRANCE]
-- 0.00
-- CBU-MAIN LIBRARY (Kitwe)
-- 1
-- 0.00
-- 1
-- AVAILABLE
-- Sep 28, 2009
-- University Collection
Holdings
Withdrawn status Lost status Source of classification or shelving scheme Damaged status Not for loan Home library Current library Shelving location Date acquired Total Checkouts Full call number Barcode Date last seen Price effective from Koha item type
          CBU-MAIN LIBRARY, KITWE. CBU-MAIN LIBRARY, KITWE.   11/30/2022   AAU(02)2000/1 03004538 11/30/2022 11/30/2022 MONOGRAPH